| 000 | 02956cam a22004698i 4500 | ||
|---|---|---|---|
| 001 | 1956 | ||
| 003 | OCoLC | ||
| 005 | 20260413162019.0 | ||
| 007 | ta | ||
| 008 | 250724s2026 nyu e 000 1 eng | ||
| 010 | _a 2025030110 | ||
| 040 |
_aDLC _beng _erda _cDLC _dCNWPU _dOCLCO _dCHILD _dOCLCO _dZPX _dIG# _dRNL _dZGR _dOCLCO _dVPW |
||
| 020 |
_a9798217085828 _q(hardcover) _c$30.00 |
||
| 035 | _a(OCoLC)1565410781 | ||
| 042 | _apcc | ||
| 050 | 0 | 0 |
_aPS3623.O53 _bA66 2026 |
| 082 | 1 | 4 |
_a[Fic] _223 |
| 082 | 0 | 4 |
_a813/.6 _223/eng/20260401 |
| 092 |
_aFic _bWojciechowski |
||
| 049 | _aVPW1 | ||
| 100 | 1 |
_aWojciechowski, Gene, _eauthor. _4aut _4http://id.loc.gov/vocabulary/relators/aut _1https://id.oclc.org/worldcat/entity/E39PCjM8vCHRYw8kfVtY3KYy7d _1http://id.loc.gov/rwo/agents/n90627348 |
|
| 245 | 1 | 0 |
_aAll carry : _ba novel / _cGene Wojciechowski. |
| 250 | _aFirst edition. | ||
| 263 | _a2603 | ||
| 264 | 1 |
_aNew York : _bCrown, _c[2026] |
|
| 300 |
_a421 pages ; _c24 cm |
||
| 334 |
_asingle unit _bmono _0http://id.loc.gov/vocabulary/issuance/mono |
||
| 336 |
_atext _btxt _2rdacontent _0http://id.loc.gov/vocabulary/contentTypes/txt |
||
| 337 |
_aunmediated _bn _2rdamedia _0http://id.loc.gov/vocabulary/mediaTypes/n |
||
| 338 |
_avolume _bnc _2rdacarrier _0http://id.loc.gov/vocabulary/carriers/nc |
||
| 520 | _a"After the discovery of some old golf clubs at a garage sale, a down-on-his luck reporter discovers they suddenly make him hit perfectly. With the help of disgraced caddy, he competes at the Masters"-- Provided by publisher. | ||
| 520 | _aJoe is a golf reporter. He's missed more Father's Days than he cares to count because that's when he has to cover the US Open. But his son Buddy has counted every single one. Joe and Buddy's relationship is fractured at best. Then one day at a garage sale Buddy finds a woefully obsolete set of golf clubs that supposedly belonged to Jack Nicklaus and decides to give them to his father as an olive branch. When Joe takes the clubs out on a whim, he discovers something he's hitting 400 yards. No one hits the ball that far, not Tiger, not Nicklaus. Max "Hard Way" Mitchell knows golf perhaps better than anyone. He used to be one of the best caddies on the PGA Tour. But he was run out of town after sleeping with a golf pro's wife. Now he's the owner of a run-down driving range, his glory days slipping away. When Joe's golf channel has a round of layoffs and he is laid-off, and Hardway realizes that with this magical set of golf clubs Joe is better than anyone on the tour, he convinces Joe to do the seemingly impossible--win the Masters as an amateur. And to do this they'll need each other. | ||
| 650 | 0 |
_aCaddies _vFiction. |
|
| 650 | 0 |
_aFathers and sons _vFiction. |
|
| 650 | 0 |
_aGolf _vFiction. |
|
| 650 | 0 |
_aGolfers _vFiction. |
|
| 655 | 7 |
_aSports fiction. _2lcgft |
|
| 655 | 7 |
_aDomestic fiction. _2lcgft |
|
| 655 | 7 |
_aNovels. _2lcgft |
|
| 655 | 7 |
_aFiction. _2lcgft |
|
| 910 | _an26/4 cr | ||
| 999 |
_c1956 _d1956 |
||